|
|
|
|
| LEADER |
00000naa2a2200000 4500 |
| 001 |
231251 |
| 005 |
20240111095516.0 |
| 035 |
|
|
|a (RuTPU)RU\TPU\book\252267
|
| 035 |
|
|
|a RU\TPU\tpu\22335
|
| 090 |
|
|
|a 231251
|
| 100 |
|
|
|a 20130130d2011 k y0rusy50 ca
|
| 101 |
0 |
|
|a rus
|
| 102 |
|
|
|a RU
|
| 200 |
1 |
|
|a Особенности построения системы менеджмента качества в образовательном учреждении
|f Е. В. Михальченко, Т. Б. Варлачева
|
| 320 |
|
|
|a Библиогр.: с. 114 (2 назв.)
|
| 461 |
|
0 |
|0 (RuTPU)RU\TPU\book\251403
|t Энергия молодых - экономике России
|l Energy of Youth for Russian Economy
|o сборник научных трудов XII Международной научно-практической конференции студентов и молодых ученых, г. Томск, 11-14 апреля 2011 г.
|f Национальный исследовательский Томский политехнический университет (ТПУ) ; Вольное экономическое общество России ; Международный союз экономистов (МСЭ)
|d 2011
|
| 463 |
|
0 |
|0 (RuTPU)RU\TPU\book\250363
|t Ч. 1
|v С. 112-114
|d 2011
|
| 610 |
1 |
|
|a труды учёных ТПУ
|
| 700 |
|
1 |
|a Михальченко
|b Е. В.
|c специалист в области менеджмента
|c доцент Томского политехнического университета, кандидат философских наук
|f 1974-
|g Екатерина Валентиновна
|3 (RuTPU)RU\TPU\pers\26775
|9 12418
|
| 701 |
|
1 |
|a Варлачева
|b Т. Б.
|c экономист
|c доцент Томского политехнического университета, кандидат экономических наук
|f 1975-
|g Татьяна Борисовна
|3 (RuTPU)RU\TPU\pers\30373
|
| 801 |
|
1 |
|a RU
|b 63413507
|c 20121220
|
| 801 |
|
2 |
|a RU
|b 63413507
|c 20161125
|g RCR
|
| 942 |
|
|
|c BK
|